Elenca la formazione - Quiz n°6 - Statistics

Statistiche generali
  • Questo quiz è stato fatto 298 volte
  • Il punteggio medio è 6 su 11
Statistiche sulle risposte
Ruolo Nazione Calciatore % Corretto
Portiere Slovenia Samir Handanovič
99%
Centrocampista Giappone Yūto Nagatomo
90%
Centrocampista Argentina Javier Zanetti
71%
Attaccante Argentina Rodrigo Palacio
66%
Centrocampista Argentina Esteban Cambiasso
65%
Attaccante Colombia Fredy Guarín
56%
Difensore Brasile Juan Jesus
40%
Centrocampista Brasile Jonathan
39%
Difensore Argentina Hugo Campagnaro
38%
Centrocampista Algeria Saphir Taïder
38%
Difensore Portogallo Rolando
35%
Nessun quiz corrispondente trovato
Distribuzione punteggi
Percentuale di utenti per punteggio
Percentile per numero di risposta
I tuoi punteggi nel tempo
Non hai fatto questo quiz